Network security : a beginner's guide / (Record no. 62144)

000 -LEADER
fixed length control field 01173cam a2200313 a 4500
001 - CONTROL NUMBER
control field 13474745
003 - CONTROL NUMBER IDENTIFIER
control field NUST-PNEC
005 - DATE AND TIME OF LATEST TRANSACTION
control field 20170116180740.0
008 - FIXED-LENGTH DATA ELEMENTS--GENERAL INFORMATION
fixed length control field 040130s2003 nyua 001 0 eng
010 ## - LIBRARY OF CONGRESS CONTROL NUMBER
LC control number 2004268650
020 ## - INTERNATIONAL STANDARD BOOK NUMBER
International Standard Book Number 0072229578
040 ## - CATALOGING SOURCE
Transcribing agency PNEC
050 00 - LIBRARY OF CONGRESS CALL NUMBER
Classification number TK5105.59
Item number .M363 2003
082 00 - DEWEY DECIMAL CLASSIFICATION NUMBER
Classification number 005.8 MAI
Edition number 22
100 1# - MAIN ENTRY--PERSONAL NAME
Personal name Maiwald, Eric.
245 10 - TITLE STATEMENT
Title Network security : a beginner's guide /
Statement of responsibility, etc. Eric Maiwald.
250 ## - EDITION STATEMENT
Edition statement 2nd ed.
260 ## - PUBLICATION, DISTRIBUTION, ETC.
Place of publication, distribution, etc. New York :
Name of publisher, distributor, etc. McGraw-Hill/Osborne,
Date of publication, distribution, etc. c2003.
300 ## - PHYSICAL DESCRIPTION
Extent xvii, 475 p. :
Other physical details ill. ;
Dimensions 24 cm.
440 #0 - SERIES STATEMENT/ADDED ENTRY--TITLE
Title Essential skills made easy
500 ## - GENERAL NOTE
General note Includes index.
650 #0 - SUBJECT ADDED ENTRY--TOPICAL TERM
Topical term or geographic name entry element Computer networks
General subdivision Security measures.
-- Computer, MIS
650 #0 - SUBJECT ADDED ENTRY--TOPICAL TERM
Topical term or geographic name entry element Computer security.
856 42 - ELECTRONIC LOCATION AND ACCESS
Uniform Resource Identifier <a href="http://www.amazon.com/Network-Security-Beginners-Guide-Second/dp/0072229578/ref=sr_1_1?s=books&ie=UTF8&qid=1418326111&sr=1-1&keywords=0072229578&pebp=1418326075034">http://www.amazon.com/Network-Security-Beginners-Guide-Second/dp/0072229578/ref=sr_1_1?s=books&ie=UTF8&qid=1418326111&sr=1-1&keywords=0072229578&pebp=1418326075034</a>
856 41 - ELECTRONIC LOCATION AND ACCESS
Materials specified Table of contents
906 ## - LOCAL DATA ELEMENT F, LDF (RLIN)
a 7
b cbc
c origcop
d 2
e ncip
f 20
g y-gencatlg
942 ## - ADDED ENTRY ELEMENTS (KOHA)
Source of classification or shelving scheme
Koha item type Book
Holdings
Withdrawn status Lost status Source of classification or shelving scheme Damaged status Not for loan Permanent Location Current Location Shelving location Date acquired Source of acquisition Cost, normal purchase price Total Checkouts Full call number Barcode Date last seen Cost, replacement price Price effective from Koha item type
          Pakistan Navy Engineering College (PNEC) Pakistan Navy Engineering College (PNEC)   03/31/2005 NUST Recurring A/c 2720.00   005.8 MAI PNECLIB-027227 12/12/2014 2720.00 03/31/2005 Book
© 2023 Central Library, National University of Sciences and Technology. All Rights Reserved.